01073nam a2200205 450000500170000002000180001704100120003508200170004708400250006410000240008924501110011325000130022426000360023730000100027350004980028365000220078170000230080370000210082670000200084720251226110139.0 a9789353163648 aEnglish a332.6bBRE/P 2Colon Classification aBrealey, Richard A. aPrinciples of Corporate Financec/By Richard A. Brealey, Stewart C. Myers, Franklin Allen, Pitabas Mohanty a12th ed. aNew York:bMc Graw Hill,c2021. a928p. aNow in its Twelfth Edition, Principle of Corporate Finance continues to be one of the most comprehensive and authoritative presentations of financial theory and practice available. The book has been substantially revised and now reflect some recent developments in the financial markets or company practice. It also aims to explain aspects of theory and concepts from an Indian perspective. This is a leading text worldwide and has proven to be useful to students and financial managers alike. aCorporate Finance aMyers, Stewart C.  aAllen, Franklin  aPitabas Mohanty